|
|
|
|
| LEADER |
01166nam a2200265 a 4500 |
| 001 |
14534112 |
| 008 |
091122s2005 enka b 000 0 eng d |
| 010 |
|
|
|a 2006298236
|
| 040 |
|
|
|a PAU
|c PAU
|d BAKER
|d DLC
|
| 020 |
|
|
|a 0195471113
|
| 020 |
|
|
|a 0195471121 (pbk.)
|
| 082 |
0 |
4 |
|a 362.1/995119
|2 22
|
| 245 |
0 |
0 |
|a Human development in South Asia 2004 :
|b the health challenge /
|c published for the Mahbub ul Haq Human Development Centre.
|
| 260 |
|
|
|a Oxford ;
|a New York :
|b Oxford University Press,
|c 2005.
|
| 300 |
|
|
|a xv, 265 p. :
|b ill. ;
|c 29 cm.
|
| 504 |
|
|
|a Includes bibliographical references (p. [225]-236).
|
| 541 |
1 |
|
|e 00014010
|
| 650 |
|
0 |
|a Medical policy
|z South Asia.
|
| 650 |
|
0 |
|a Health status indicators
|z South Asia.
|
| 650 |
|
0 |
|a Women
|x Health and hygiene
|z South Asia.
|
| 650 |
|
0 |
|a Children
|x Health and hygiene
|z South Asia.
|
| 710 |
2 |
|
|a Mahbub ul Haq Human Development Centre.
|
| 852 |
4 |
|
|a Ayesha Abed Library
|j General Shelf.
|
| 999 |
|
|
|c 5804
|d 5804
|
| 952 |
|
|
|0 0
|1 0
|2 ddc
|4 0
|6 362_199511900000000_HUM_2005
|7 0
|9 5758
|a BRACUL
|b BRACUL
|c GEN
|d 2009-11-23
|g 0.00
|l 0
|o 362.1995119 HUM
|p 3010014010
|r 2009-11-23
|t 1
|w 2009-11-23
|y BK
|x No price found in the accession register.
|